Applied sedimentology / (Record no. 526260)

000 -LEADER
fixed length control field 01116cam a2200301 a 4500
001 - CONTROL NUMBER
control field 11815354
003 - CONTROL NUMBER IDENTIFIER
control field NUST
005 - DATE AND TIME OF LATEST TRANSACTION
control field 20190710054802.0
008 - FIXED-LENGTH DATA ELEMENTS--GENERAL INFORMATION
fixed length control field 991020s2000 caua b 001 0 eng
010 ## - LIBRARY OF CONGRESS CONTROL NUMBER
LC control number 99068192
020 ## - INTERNATIONAL STANDARD BOOK NUMBER
International Standard Book Number 0126363757 (acidfree paper)
038 ## - RECORD CONTENT LICENSOR
Staff Name ASAB
040 ## - CATALOGING SOURCE
Original cataloging agency DLC
Transcribing agency DLC
Modifying agency DLC
050 00 - LIBRARY OF CONGRESS CALL NUMBER
Classification number QE471
Item number .S426 2000
082 00 - DEWEY DECIMAL CLASSIFICATION NUMBER
Classification number 552/.5
Edition number 21
100 1# - MAIN ENTRY--PERSONAL NAME
Personal name Selley, Richard C.,
Dates associated with a name 1939-
9 (RLIN) 2394
245 10 - TITLE STATEMENT
Title Applied sedimentology /
Statement of responsibility, etc. Richard C. Selley.
250 ## - EDITION STATEMENT
Edition statement 2nd ed.
260 ## - PUBLICATION, DISTRIBUTION, ETC.
Place of publication, distribution, etc. San Diego :
Name of publisher, distributor, etc. Academic Press,
Date of publication, distribution, etc. c2000.
300 ## - PHYSICAL DESCRIPTION
Extent x, 523 p. :
Other physical details ill. (some col.) ;
Dimensions 24 cm.
504 ## - BIBLIOGRAPHY, ETC. NOTE
Bibliography, etc. note Includes bibliographical references and index.
650 #0 - SUBJECT ADDED ENTRY--TOPICAL TERM
Topical term or geographic name entry element Sedimentology.
9 (RLIN) 2395
856 41 - ELECTRONIC LOCATION AND ACCESS
Materials specified Table of contents
Uniform Resource Identifier <a href="http://www.loc.gov/catdir/toc/els033/99068192.html">http://www.loc.gov/catdir/toc/els033/99068192.html</a>
856 42 - ELECTRONIC LOCATION AND ACCESS
Materials specified Publisher description
Uniform Resource Identifier <a href="http://www.loc.gov/catdir/description/els033/99068192.html">http://www.loc.gov/catdir/description/els033/99068192.html</a>
906 ## - LOCAL DATA ELEMENT F, LDF (RLIN)
a 7
b cbc
c orignew
d 2
e epcn
f 19
g y-gencatlg
942 ## - ADDED ENTRY ELEMENTS (KOHA)
Source of classification or shelving scheme
Koha item type Book
Holdings
Withdrawn status Lost status Source of classification or shelving scheme Damaged status Not for loan Permanent Location Current Location Date acquired Total Checkouts Full call number Barcode Date last seen Price effective from Koha item type
          Atta-ur-Rahman School of Applied Biosciences (ASAB) Atta-ur-Rahman School of Applied Biosciences (ASAB) 07/10/2019   552.5 SEL ASAB438 07/10/2019 07/10/2019 Book
          Atta-ur-Rahman School of Applied Biosciences (ASAB) Atta-ur-Rahman School of Applied Biosciences (ASAB) 07/10/2019   552.5 SEL ASAB439 07/10/2019 07/10/2019 Book
© 2023 Central Library, National University of Sciences and Technology. All Rights Reserved.